[Event "IRI-ch U14"]
[Site "Chess.com INT"]
[Date "2021.01.16"]
[Round "1"]
[White "Rahimi, Hossein"]
[Black "Sharifi, Parham"]
[Result "0-1"]
[WhiteElo "1027"]
[BlackElo "1670"]
[PlyCount "144"]
[EventDate "2021.01.16"]
[EventType "swiss"]
[EventRounds "11"]
[EventCountry "IRI"]
[SourceTitle "EXT 2022"]
[Source "ChessBase"]
[SourceDate "2021.10.06"]
[SourceVersion "1"]
[SourceVersionDate "2021.10.06"]
[SourceQuality "1"]

1. Nf3 f5 2. e3 Nf6 3. d4 g6 4. b3 Bg7 5. Bb2 0-0 6. c4 d6 7. Nc3 c6 8. Bd3 Qe8 9. d5 Na6 10. dxc6 bxc6 11. 0-0 e5 12. Be2 e4 13. Nd4 Bb7 14. a3 Nd7 15. Rc1 Ne5 16. Qc2 Nc5 17. Rcd1 Ncd3 18. Qd2 Nc5 19. f3 exf3 20. Nxf3 Rd8 21. Nxe5 Bxe5 22. b4 Ne6 23. Bf3 Ng5 24. Be2 Bf6 25. Bd3 Qe7 26. Rde1 Nf7 27. e4 fxe4 28. Nxe4 Bxb2 29. Qxb2 Ne5 30. Bc2 Qg7 31. Kh1 Nxc4 32. Qxg7+ Kxg7 33. Bb3 Ne3 34. Rf2 Rxf2 35. Nxf2 Nf5 36. h3 Kf8 37. Ng4 Re8 38. Rxe8+ Kxe8 39. Nf6+ Ke7 40. Nxh7 d5 41. Ng5 Ba6 42. Kg1 Nd4 43. Ba2 Nc2 44. Nf3 Nxa3 45. Nd4 Kd6 46. Kf2 Nb5 47. Nxb5+ Bxb5 48. g4 Ke5 49. Kf3 g5 50. Ke3 d4+ 51. Kf3 Bd3 52. Bb3 Bf1 53. h4 gxh4 54. g5 Kf5 55. g6 Kxg6 56. Kg4 h3 57. Kg3 Kf5 58. Bd1 Ke4 59. Kf2 Bg2 60. Ke2 Bf3+ 61. Ke1 Bxd1 62. Kxd1 h2 63. Ke2 h1Q 64. Kd2 Qg2+ 65. Kc1 Qf1+ 66. Kb2 Qe2+ 67. Kb3 Qd3+ 68. Ka4 Kd5 69. b5 Qxb5+ 70. Ka3 Kc4 71. Ka2 Kc3 72. Ka1 Qb2# 0-1

[Event "IRI-ch U14"]
[Site "Chess.com INT"]
[Date "2021.01.16"]
[Round "5"]
[White "Safarirad, Homehr"]
[Black "Sharifi, Parham"]
[Result "0-1"]
[WhiteElo "1170"]
[BlackElo "1670"]
[PlyCount "54"]
[EventDate "2021.01.16"]
[EventType "swiss"]
[EventRounds "11"]
[EventCountry "IRI"]
[SourceTitle "EXT 2022"]
[Source "ChessBase"]
[SourceDate "2021.10.06"]
[SourceVersion "1"]
[SourceVersionDate "2021.10.06"]
[SourceQuality "1"]

1. d4 f5 2. Nf3 Nf6 3. e3 g6 4. Be2 Bg7 5. 0-0 0-0 6. Nc3 d6 7. Bd2 c6 8. a3 Qe8 9. h3 e5 10. dxe5 dxe5 11. Re1 e4 12. Nd4 Be6 13. Qc1 Nbd7 14. Nxe6 Qxe6 15. b3 Nd5 16. Bc4 N7b6 17. Nxd5 cxd5 18. Bb4 dxc4 19. Bxf8 Bxa1 20. Qxa1 Rxf8 21. Qb2 Qf6 22. Qa2 Qc3 23. Re2 Rd8 24. Kh2 Rd1 25. a4 Ra1 26. Qxa1 Qxa1 27. Rd2 cxb3 0-1